Computational linguistics : (Record no. 22458)
[ view plain ]
| 000 -LEADER | |
|---|---|
| fixed length control field | 02405cam a22003495a 4500 |
| 001 - CONTROL NUMBER | |
| control field | 3350270 |
| 003 - CONTROL NUMBER IDENTIFIER | |
| control field | EG-ScBUE |
| 005 - DATE AND TIME OF LATEST TRANSACTION | |
| control field | 20220413102431.0 |
| 008 - FIXED-LENGTH DATA ELEMENTS--GENERAL INFORMATION | |
| fixed length control field | 860225r19941986enka f b 001 0 eng d |
| 020 ## - INTERNATIONAL STANDARD BOOK NUMBER | |
| International Standard Book Number | 0521310385 |
| 020 ## - INTERNATIONAL STANDARD BOOK NUMBER | |
| International Standard Book Number | 9780521310383 |
| 040 ## - CATALOGING SOURCE | |
| Original cataloging agency | DLC |
| Language of cataloging | eng |
| Description conventions | rda |
| Transcribing agency | DLC |
| Modifying agency | EG-ScBUE |
| 082 04 - DEWEY DECIMAL CLASSIFICATION NUMBER | |
| Edition number | 22 |
| Classification number | 410.285 |
| Item number | GRI |
| 100 1# - MAIN ENTRY--PERSONAL NAME | |
| Personal name | Grishman, Ralph, |
| Relator term | author. |
| 9 (RLIN) | 41339 |
| 245 10 - TITLE STATEMENT | |
| Title | Computational linguistics : |
| Remainder of title | an introduction / |
| Statement of responsibility, etc | Ralph Grishman, Courant Institute of Mathematical Sciences, New York University. |
| 250 ## - EDITION STATEMENT | |
| Edition statement | Reprint edition. |
| 264 #1 - PUBLICATION, DISTRIBUTION, ETC. (IMPRINT) | |
| Place of publication, distribution, etc | Cambridge : |
| Name of publisher, distributor, etc | Cambridge University Press, |
| Date of publication, distribution, etc | 1994. |
| 300 ## - PHYSICAL DESCRIPTION | |
| Extent | viii, 193 pages : |
| Other physical details | illustrations ; |
| Dimensions | 24 cm. |
| 336 ## - CONTENT TYPE | |
| Source | rdacontent |
| Content type term | text |
| Content type code | txt |
| 337 ## - MEDIA TYPE | |
| Source | rdamedia |
| Media type term | unmediated |
| Media type code | n |
| 338 ## - CARRIER TYPE | |
| Source | rdacarrier |
| Carrier type term | volume |
| Carrier type code | nc |
| 490 0# - SERIES STATEMENT | |
| Series statement | Studies in natural language processing |
| 504 ## - BIBLIOGRAPHY, ETC. NOTE | |
| Bibliography, etc | Includes bibliographical references and index.<br/> |
| 505 0# - FORMATTED CONTENTS NOTE | |
| Formatted contents note | 1 What is computational linguistics? : The objectives of computational linguistics -- Computational and theoretical linguistics -- Computational linguistics as engineering -- The structure of this survey : a tree diagram -- 2: Syntax analysis : The role of syntax analysis -- Is syntax analysis necessary? --<br/>Phrase-structure languages -- Early systems: context-free parsers -- Transformational analyzers: first systems -- Augmented context-free parsers -- Other phrase-structure grammars -- Analyzing adjuncts -- Analyzing coordinate conjunction -- Parsing with probability and graded acceptability --<br/>3: Semantic analysis: Formal languages for meaning representation -- Translation to logical form -- Semantic constraints -- Conceptual analyzers -- Anaphora resolution --<br/>Analyzing sentence fragments -- Using the logical form -- 4: Discourse analysis and information structuring: Text grammar -- Organizing world knowledge -- Frames -- Analyzing narrative: scripts and plans -- Information formats -- Analyzing dialog --<br/>5: Language generation: The poor cousin -- Sentence generation -- Text generation. |
| 650 #7 - SUBJECT ADDED ENTRY--TOPICAL TERM | |
| Topical term or geographic name as entry element | Computational linguistics. |
| Source of heading or term | BUEsh |
| 9 (RLIN) | 4459 |
| 651 ## - SUBJECT ADDED ENTRY--GEOGRAPHIC NAME | |
| Source of heading or term | BUEsh |
| 653 ## - INDEX TERM--UNCONTROLLED | |
| Resource For college | Humanities: English |
| Arrived date list | October2016 |
| 655 ## - INDEX TERM--GENRE/FORM | |
| Form subdivision | Reading book |
| 9 (RLIN) | 34232 |
| 856 42 - ELECTRONIC LOCATION AND ACCESS | |
| Materials specified | Publisher description |
| Uniform Resource Identifier | <a href="http://www.loc.gov/catdir/description/cam023/86004236.html">http://www.loc.gov/catdir/description/cam023/86004236.html</a> |
| 856 41 - ELECTRONIC LOCATION AND ACCESS | |
| Materials specified | Table of contents |
| Uniform Resource Identifier | <a href="http://www.loc.gov/catdir/toc/cam028/86004236.html">http://www.loc.gov/catdir/toc/cam028/86004236.html</a> |
| 942 ## - ADDED ENTRY ELEMENTS (KOHA) | |
| Source of classification or shelving scheme | Dewey Decimal Classification |
| Edition | 22 |
| Call number prefix | 410.285 GRI |
| Koha item type | Book - Borrowing |
| Withdrawn status | Lost status | Source of classification or shelving scheme | Damaged status | Not for loan | Collection code | Home library | Current library | Shelving location | Date acquired | Source of acquisition | Cost, normal purchase price | Serial Enumeration / chronology | Total Checkouts | Full call number | Barcode | Date last seen | Date checked out | Cost, replacement price | Price effective from | Koha item type |
|---|---|---|---|---|---|---|---|---|---|---|---|---|---|---|---|---|---|---|---|---|
| Dewey Decimal Classification | Baccah | Central Library | Central Library | Second Floor | 05/10/2016 | Purchase | 438.00 | 29103 | 2 | 410.285 GRI | 000033466 | 15/07/2025 | 08/10/2023 | 548.00 | 05/10/2016 | Book - Borrowing |